[Event "East Lansing (MOR/5)"]
[Site "?"]
[Date "1991.??.??"]
[Round "?"]
[White "Stockman, David"]
[Black "Nixon, Peter"]
[Result "1-0"]
[WhiteElo "1740"]
[BlackElo "1605"]
[PlyCount "45"]
[EventDate "1991.??.??"]

1. d4 Nf6 2. Nf3 d5 3. e3 g6 4. Bd3 Bg7 5. Nbd2 O-O 6. e4 dxe4 7. Nxe4 b6 8.
Nxf6+ Bxf6 9. Be4 c6 10. Bh6 Re8 11. c3 Ba6 12. Qa4 Qc7 13. d5 b5 14. Qb3 Bb7
15. O-O-O Nd7 16. h4 Bg7 17. Be3 Red8 18. Ng5 Ne5 19. Bf4 Nd3+ 20. Rxd3 Qxf4+
21. Kb1 h6 22. Rf3 Qc7 23. dxc6 1-0

[Event "East Lansing (MOR/2)"]
[Site "?"]
[Date "1991.??.??"]
[Round "?"]
[White "Stockman, David"]
[Black "Moceri, Paul"]
[Result "0-1"]
[WhiteElo "1740"]
[BlackElo "1605"]
[PlyCount "42"]
[EventDate "1991.??.??"]

1. d4 e6 2. e3 Nf6 3. Nf3 d5 4. Bd3 c5 5. c3 c4 6. Bc2 Bd6 7. Nbd2 Nc6 8. e4
dxe4 9. Nxe4 Nxe4 10. Bxe4 O-O 11. Bxc6 bxc6 12. Qa4 Bb7 13. Qxc4 Qf6 14. Qd3
h6 15. Nd2 Qg5 16. O-O c5 17. Nf3 Qh5 18. dxc5 Bxc5 19. Be3 Rfd8 20. Qb5 Bxf3
21. Qxc5 Qg4 0-1

[Event "East Lansing (MOR/1)"]
[Site "?"]
[Date "1991.??.??"]
[Round "?"]
[White "Stockham, James"]
[Black "Winkelspecht, A."]
[Result "1-0"]
[WhiteElo "1775"]
[BlackElo "1605"]
[PlyCount "109"]
[EventDate "1991.??.??"]

1. e4 c6 2. d4 d5 3. e5 Bf5 4. Nc3 f6 5. f4 e6 6. Nf3 Nd7 7. Nh4 fxe5 8. Nxf5
exf5 9. fxe5 g6 10. Ne2 Qh4+ 11. g3 Qe7 12. Bg2 Nxe5 13. dxe5 Qxe5 14. Qd4 Bg7
15. Qxe5+ Bxe5 16. Bd2 Bxb2 17. Rb1 Be5 18. Rxb7 Ne7 19. O-O h6 20. Nf4 Rg8 21.
Re1 Bd6 22. Nxd5 cxd5 23. Bxd5 Rg7 24. Rbxe7+ Rxe7 25. Rxe7+ Kxe7 26. Bxa8 g5
27. Be3 a5 28. Bd2 Bb4 29. Bxb4+ axb4 30. Kf2 Kd6 31. Ke3 Kc5 32. Bb7 Kc4 33.
Bc8 f4+ 34. gxf4 gxf4+ 35. Kxf4 Kc3 36. Kf5 Kxc2 37. Kg6 Kb2 38. Kxh6 Kxa2 39.
h4 Ka1 40. Kg7 b3 41. h5 b2 42. Bf5 b1=Q 43. Bxb1 Kxb1 44. h6 Kc2 45. h7 Kd3
46. h8=Q Ke4 47. Kf6 Kd5 48. Qh5+ Ke4 49. Qe5+ Kd3 50. Kf5 Kc4 51. Ke4 Kb4 52.
Kd3 Kb3 53. Qb5+ Ka3 54. Kc2 Ka2 55. Qb2# 1-0

[Event "East Lansing (MOR/5)"]
[Site "?"]
[Date "1991.??.??"]
[Round "?"]
[White "Stockham, James"]
[Black "Moceri, Paul"]
[Result "1/2-1/2"]
[WhiteElo "1775"]
[BlackElo "1605"]
[PlyCount "99"]
[EventDate "1991.??.??"]

1. f4 Nc6 2. Nf3 d5 3. e3 Bg4 4. Be2 Bxf3 5. Bxf3 e5 6. fxe5 Nxe5 7. O-O Nf6 8.
Nc3 h5 9. Qe1 c6 10. b3 Qc7 11. Bb2 Neg4 12. Bxg4 hxg4 13. g3 Bd6 14. Ne2 O-O-O
15. Bxf6 gxf6 16. Rf2 Rh6 17. c3 Rdh8 18. Nf4 Bxf4 19. exf4 Qd7 20. Re2 Kd8 21.
d4 f5 22. Rc1 Rg8 23. Rcc2 Rhh8 24. Re3 Re8 25. Rce2 Re4 26. Kg2 Qe6 27. Kg1
Qh6 28. Qd2 Kd7 29. Qd3 Qe6 30. b4 Re8 31. Kf2 a6 32. a4 b5 33. a5 Qh6 34. Kg1
R8e7 35. Qd2 Qh8 36. Qd3 f6 37. Qd2 Qe8 38. Kf2 R7e6 39. Qd3 Ke7 40. Qd2 Kf7
41. Qd3 Rxe3 42. Rxe3 Re4 43. Qd2 Rxe3 44. Qxe3 Qe4 45. Qe2 Ke6 46. Ke1 Kd6 47.
Kd2 Kd7 48. Ke1 Qh1+ 49. Kd2 Qb1 50. Ke3 1/2-1/2

[Event "East Lansing (MOR/3)"]
[Site "?"]
[Date "1991.??.??"]
[Round "?"]
[White "Stockham, James"]
[Black "Miller, David"]
[Result "1-0"]
[WhiteElo "1775"]
[BlackElo "1635"]
[PlyCount "71"]
[EventDate "1991.??.??"]

1. e4 c5 2. Nf3 d6 3. d4 cxd4 4. Nxd4 Nf6 5. Nc3 e6 6. Bg5 Be7 7. Qd2 Nc6 8.
O-O-O a6 9. f4 h6 10. Bxf6 gxf6 11. f5 Bd7 12. Be2 Nxd4 13. Qxd4 e5 14. Qd2 Bc6
15. Nd5 Rc8 16. Kb1 b5 17. Rhf1 a5 18. Rf3 b4 19. Rd3 Bf8 20. Bh5 Ba4 21. Rc1
Bb5 22. Rg3 Bc4 23. c3 b3 24. a3 a4 25. Re1 Rc5 26. Ne3 Be7 27. Nxc4 Rxc4 28.
Bxf7+ Kxf7 29. Qd5+ Kf8 30. Qxc4 Qa8 31. Rg6 d5 32. exd5 Bxa3 33. bxa3 Rh7 34.
Rxf6+ Rf7 35. Rxf7+ Kxf7 36. d6+ 1-0

[Event "East Lansing (MOR/7)"]
[Site "?"]
[Date "1991.??.??"]
[Round "?"]
[White "Stockham, James"]
[Black "Griffin, John"]
[Result "1-0"]
[WhiteElo "1775"]
[BlackElo "1610"]
[PlyCount "53"]
[EventDate "1991.??.??"]

1. e4 c5 2. Nf3 Nc6 3. d4 cxd4 4. Nxd4 Nf6 5. Nc3 e5 6. Ndb5 d6 7. Bg5 a6 8.
Bxf6 gxf6 9. Na3 b5 10. Nd5 f5 11. Bd3 Nd4 12. c3 fxe4 13. Bxe4 Rb8 14. cxd4
Bg7 15. dxe5 Bxe5 16. Qd2 Bb7 17. Rc1 h6 18. Bf3 Bxd5 19. Bxd5 Qf6 20. Rc2 Kf8
21. O-O Rg8 22. g3 h5 23. Rfc1 Kg7 24. Rc7 Kh8 25. Rxf7 Bxg3 26. hxg3 Rg7 27.
Rxf6 1-0

[Event "Detroit (HPO/3/21)"]
[Site "?"]
[Date "1991.??.??"]
[Round "?"]
[White "Stinson, Darlene"]
[Black "Williams, Ron"]
[Result "0-1"]
[WhiteElo "1605"]
[BlackElo "1805"]
[PlyCount "74"]
[EventDate "1991.??.??"]

{3/(21)} 1. e4 e5 2. Nf3 Nc6 3. Bc4 Be7 4. d3 d6 5. h3 Be6 6. Bb3 Qd7 7. Nc3 h6
8. Be3 O-O-O 9. Qd2 g5 10. Nd5 f5 11. Nxe7+ Ngxe7 12. exf5 Nxf5 13. O-O-O Nfd4
14. Nxd4 exd4 15. Bxg5 hxg5 16. Qxg5 Bxb3 17. axb3 Rhg8 18. Qd5 Rge8 19. Rde1
Re5 20. Rxe5 dxe5 21. Qc4 Qf5 22. f3 Qg5+ 23. Kb1 Qxg2 24. Qe6+ Kb8 25. Rc1
Qxf3 26. Qh6 Qd5 27. Rf1 Nb4 28. Rf8 Qh1+ 29. Qc1 Qxc1+ 30. Kxc1 Rxf8 31. Kd2
Rf2+ 32. Kc1 Rh2 33. c3 Nxd3+ 34. Kd1 Nxb2+ 35. Kc1 Nd3+ 36. Kd1 dxc3 37. h4
Rd2# 0-1

[Event "Detroit (HPO/2/39)"]
[Site "?"]
[Date "1991.??.??"]
[Round "?"]
[White "Stinson, Darlene"]
[Black "Jackson, K."]
[Result "1-0"]
[WhiteElo "1605"]
[BlackElo "1605"]
[PlyCount "89"]
[EventDate "1991.??.??"]

{2/(39)} 1. e4 e5 2. Nf3 Bd6 3. Bc4 Nf6 4. O-O O-O 5. Nc3 Be7 6. Nxe5 Qe8 7. d4
d6 8. Nf3 c6 9. h3 b5 10. Bb3 b4 11. Ne2 Nxe4 12. Qd3 d5 13. c4 Ba6 14. Qc2 Nd7
15. cxd5 Rc8 16. Qxe4 cxd5 17. Qe3 h6 18. Bxd5 Nb6 19. Bb3 Qd8 20. Ne5 Bc4 21.
Nxc4 Nxc4 22. Qg3 Nb6 23. Bxh6 Bf6 24. Rfd1 Qe7 25. Nf4 Kh8 26. Re1 Qc7 27. Bg5
Bxg5 28. Qxg5 Nc4 29. Rac1 Qb6 30. Bxc4 Qh6 31. Qg4 Rc6 32. d5 Rf6 33. Re4 g5
34. Nh5 Rb6 35. Ng3 Rf6 36. Nf5 Qh7 37. Qxg5 Rxf5 38. Qe7 Qg6 39. Qxf8+ Kh7 40.
Rh4+ Rh5 41. Bd3 f5 42. Bxf5 Qxf5 43. Qxf5+ Kg7 44. Rc7+ Kg8 45. Qc8# 1-0

[Event "Detroit (HPO/5/22)"]
[Site "?"]
[Date "1991.??.??"]
[Round "?"]
[White "Stinson, Darlene"]
[Black "Dobbs, Edward"]
[Result "1/2-1/2"]
[WhiteElo "1605"]
[BlackElo "1755"]
[PlyCount "111"]
[EventDate "1991.??.??"]

{5/(22)} 1. e4 c5 2. Nf3 Nc6 3. Bc4 e6 4. Nc3 a6 5. a3 g6 6. d3 Bg7 7. Be3 d6
8. O-O Nge7 9. Re1 O-O 10. Rb1 b5 11. Ba2 Qa5 12. Bd2 Qb6 13. Qe2 a5 14. a4 b4
15. Nb5 Na7 16. Nxa7 Rxa7 17. Qd1 Bd7 18. c3 Rc8 19. Bb3 Rb8 20. h3 bxc3 21.
bxc3 Rab7 22. Bc2 Qd8 23. Rxb7 Rxb7 24. Bb3 Qb8 25. Bc2 d5 26. e5 Nc6 27. d4
cxd4 28. cxd4 Bf8 29. Re3 Bb4 30. Rb3 Bxd2 31. Rxb7 Qxb7 32. Qxd2 Kg7 33. Kh2
Qb2 34. Kg3 Nb4 35. Bd1 Qxd2 36. Nxd2 Na2 37. Nb1 Nc1 38. Kf3 Nd3 39. Nc3 f6
40. Ke3 Nb2 41. Bc2 fxe5 42. dxe5 Kf7 43. f4 Ke7 44. g3 Kd8 45. Kd4 Kc7 46. Kc5
h6 47. Bxg6 Nxa4+ 48. Nxa4 Bxa4 49. Bd3 Be8 50. f5 a4 51. fxe6 a3 52. Bb1 Ba4
53. Ba2 Bc2 54. Kxd5 h5 55. Kd4 Bf5 56. h4 1/2-1/2

[Event "Detroit (HPO/4/13)"]
[Site "?"]
[Date "1991.??.??"]
[Round "?"]
[White "Steverson, Bunnard"]
[Black "Wydryck, Robert"]
[Result "1/2-1/2"]
[WhiteElo "1795"]
[BlackElo "1990"]
[PlyCount "142"]
[EventDate "1991.??.??"]

{4/(13)} 1. e4 c5 2. Nf3 d6 3. c3 Nf6 4. Be2 g6 5. O-O Bg7 6. h3 O-O 7. d3 Nc6
8. Be3 b5 9. Nbd2 Nd7 10. d4 a6 11. d5 Nce5 12. Nxe5 Nxe5 13. f4 Nd7 14. Nf3
Qc7 15. Qd2 f5 16. exf5 gxf5 17. Ng5 Nf6 18. Bf3 Rb8 19. Ne6 Bxe6 20. dxe6 d5
21. Qf2 Qd6 22. Bxc5 Qxe6 23. Bd4 Ne4 24. Bxe4 Bxd4 25. cxd4 dxe4 26. b3 Rbc8
27. Qe3 Rc2 28. Rf2 Rfc8 29. Rxc2 Rxc2 30. Kh1 Qg6 31. Rg1 Qc6 32. g4 Rc3 33.
gxf5+ Kf7 34. Qe2 Rxh3+ 35. Kg2 Qc3 36. Qxe4 Qg3+ 37. Kf1 Qf3+ 38. Qxf3 Rxf3+
39. Ke2 Rxf4 40. Ke3 Rxf5 41. Rg2 Kf6 42. Rc2 Rd5 43. Ke4 Rd6 44. Rf2+ Kg7 45.
Ke5 h5 46. Rh2 Rh6 47. d5 h4 48. Kf5 h3 49. Kg5 b4 50. Kg4 Kf6 51. Kf4 a5 52.
Kg3 Ke5 53. Re2+ Kd6 54. Kh2 Rh7 55. Rd2 Ke5 56. Rd3 Ke4 57. Rd2 Ke3 58. Rd1
Rh5 59. d6 exd6 60. Rxd6 Ke4 61. Rd2 Rd5 62. Rc2 Rd3 63. Rc4+ Kd5 64. Rc2 Rc3
65. Rd2+ Kc5 66. Rf2 Kb5 67. Rf5+ Rc5 68. Rf2 Rh5 69. Rc2 Rh6 70. Rf2 Rh5 71.
Rc2 Rc5 1/2-1/2

[Event "East Lansing (MOR/2)"]
[Site "?"]
[Date "1991.??.??"]
[Round "?"]
[White "Steverson, Bunnard"]
[Black "Sarkisova, V."]
[Result "0-1"]
[WhiteElo "1785"]
[BlackElo "1605"]
[PlyCount "98"]
[EventDate "1991.??.??"]

1. e4 c5 2. Nf3 d6 3. d4 cxd4 4. Nxd4 Nf6 5. Nc3 e5 6. Nf3 Nc6 7. Be2 Be7 8.
O-O O-O 9. h3 a6 10. a4 Qc7 11. Be3 Be6 12. Ng5 Nb4 13. f4 Rad8 14. Rc1 Bc4 15.
Nf3 Nh5 16. Bxc4 Qxc4 17. Nd2 Qc6 18. Qxh5 d5 19. exd5 Nxd5 20. Nxd5 Rxd5 21.
fxe5 Bc5 22. Nc4 b5 23. axb5 axb5 24. b4 Bxb4 25. Nb2 Ba3 26. Nd3 Bxc1 27. Rxc1
Qc3 28. Qf3 Rdd8 29. Qf4 h6 30. Bd2 Qc7 31. Bb4 Rfe8 32. Bd6 Qc4 33. Qxc4 bxc4
34. Nb4 f6 35. Nc6 Rd7 36. Bb4 Re6 37. Na5 Rxe5 38. c3 Re4 39. Nc6 Rd2 40. Nd4
Rb2 41. Nc2 Re2 42. Ne1 Kf7 43. Kh2 h5 44. h4 g5 45. hxg5 fxg5 46. Kg3 Kg6 47.
Rd1 Re3+ 48. Nf3 h4+ 49. Kh2 Rxf3 0-1

[Event "Detroit (HPO/5/12)"]
[Site "?"]
[Date "1991.??.??"]
[Round "?"]
[White "Steverson, Bunnard"]
[Black "Repkin, Victor"]
[Result "1-0"]
[WhiteElo "1795"]
[BlackElo "2055"]
[PlyCount "83"]
[EventDate "1991.??.??"]

{5/(12)} 1. e4 c5 2. Nf3 Nc6 3. d4 cxd4 4. Nxd4 e5 5. Nb3 d6 6. Be2 Nf6 7. Nc3
Be6 8. O-O Be7 9. Be3 d5 10. exd5 Nxd5 11. Nxd5 Bxd5 12. c4 Be6 13. Qxd8+ Rxd8
14. Nc5 Bxc5 15. Bxc5 b6 16. Ba3 Nd4 17. Bd3 f5 18. Rfd1 Kf7 19. b3 e4 20. Bf1
Nc2 21. Bb2 Nxa1 22. Rxa1 Rd2 23. Bc3 Rc2 24. Bd4 Rd8 25. Be3 Kf6 26. h4 h6 27.
g3 g5 28. hxg5+ hxg5 29. Bg2 Bf7 30. Kf1 Bh5 31. Ke1 Bg4 32. Bf1 Bf3 33. a3 Rh8
34. Bd4+ Ke6 35. Bxh8 f4 36. gxf4 gxf4 37. Bd4 Bg4 38. b4 Kd6 39. c5+ Kd5 40.
cxb6 Kxd4 41. b7 e3 42. fxe3+ 1-0

[Event "East Lansing (MOR/6)"]
[Site "?"]
[Date "1991.??.??"]
[Round "?"]
[White "Steverson, Bunnard"]
[Black "Pope, Nick"]
[Result "1-0"]
[WhiteElo "1785"]
[BlackElo "1610"]
[PlyCount "55"]
[EventDate "1991.??.??"]

1. e4 d5 2. exd5 Nf6 3. d4 Nxd5 4. Nf3 g6 5. Bd3 Bg7 6. O-O O-O 7. c3 Bg4 8. h3
Bxf3 9. Qxf3 c6 10. Nd2 Qc7 11. Bc4 e6 12. Ne4 Nd7 13. Bg5 Rae8 14. Bh4 f5 15.
Nd2 Kh8 16. Bg3 f4 17. Bh2 N7b6 18. Bb3 e5 19. dxe5 Bxe5 20. Rfe1 Re7 21. Re2
Rfe8 22. Rae1 Bd6 23. Ne4 Be5 24. Nc5 Bxc3 25. bxc3 Rxe2 26. Rxe2 Rxe2 27. Qxe2
Nxc3 28. Qe8+ 1-0

[Event "Detroit (HPO/2/24)"]
[Site "?"]
[Date "1991.??.??"]
[Round "?"]
[White "Steverson, Bunnard"]
[Black "Edens, Samuel"]
[Result "1-0"]
[WhiteElo "1795"]
[BlackElo "1605"]
[PlyCount "141"]
[EventDate "1991.??.??"]

{2/(24)} 1. e4 e5 2. Nf3 Nc6 3. Bb5 Nf6 4. O-O a6 5. Ba4 b5 6. Bb3 Nxe4 7. Re1
d5 8. d3 Nc5 9. Nxe5 Nxe5 10. Rxe5+ Be7 11. Bxd5 Ra7 12. Qe2 f6 13. Bc6+ Nd7
14. Rxe7+ Qxe7 15. Qxe7+ Kxe7 16. Be3 Nb6 17. Nc3 Bb7 18. Re1 Kd6 19. Bxb5 Bc6
20. Bc4 Re8 21. Bf4+ Kd7 22. Rxe8 Kxe8 23. Bb3 Nd7 24. d4 Rb7 25. h3 Rb4 26.
Ne2 Rb5 27. Bxc7 Rg5 28. Nf4 Rb5 29. c4 Rb7 30. Ne6 Be4 31. Ba5 Nb8 32. Nxg7+
Rxg7 33. g3 Bf3 34. Ba4+ Nd7 35. c5 Re7 36. c6 Bxc6 37. Bxc6 Re2 38. Bc3 Ke7
39. Kf1 Rc2 40. Kg2 Nb6 41. Be4 Rc1 42. Bxh7 Nd5 43. Bd2 Rd1 44. Bc3 Nxc3 45.
bxc3 Ra1 46. Bg8 Rc1 47. c4 Rd1 48. d5 Ra1 49. c5 Kf8 50. Be6 Rxa2 51. h4 Rc2
52. c6 a5 53. Bd7 a4 54. c7 Rxc7 55. Bxa4 Rc8 56. g4 Rc4 57. Bd7 Rd4 58. Be6
Kg7 59. Kg3 Kh6 60. Kf3 Kg6 61. Ke3 Rd1 62. Bf5+ Kh6 63. Bd3 Rg1 64. Kf4 Rd1
65. Be4 Rd4 66. f3 Rc4 67. Kf5 Kg7 68. Ke6 Rb4 69. d6 Kf8 70. Kxf6 Rb7 71. Bxb7
1-0

[Event "East Lansing (MOR/4)"]
[Site "?"]
[Date "1991.??.??"]
[Round "?"]
[White "Steverson, Bunnard"]
[Black "Carpenter, George"]
[Result "1-0"]
[WhiteElo "1785"]
[BlackElo "1605"]
[PlyCount "63"]
[EventDate "1991.??.??"]

1. e4 d6 2. Nf3 Nf6 3. c3 g6 4. Be2 Nxe4 5. Qa4+ Nc6 6. Qxe4 Bf5 7. Qa4 Bd7 8.
Qb3 Bg7 9. d4 Na5 10. Qa3 Nc6 11. Qb3 e6 12. O-O O-O 13. Qxb7 Rb8 14. Qa6 Rb6
15. Qd3 Re8 16. Qc2 Qb8 17. Nbd2 a5 18. Nc4 Rb7 19. Rb1 e5 20. dxe5 d5 21. Ne3
Nxe5 22. Nxe5 Bxe5 23. f4 d4 24. fxe5 dxe3 25. Bxe3 Rxe5 26. Bd4 Bf5 27. Bd3
Bxd3 28. Qxd3 Rd5 29. Qa6 c5 30. Bf2 Rxb2 31. Rxb2 Qxb2 32. Qa8+ 1-0

[Event "Detroit (HPO/2/20)"]
[Site "?"]
[Date "1991.??.??"]
[Round "?"]
[White "Steen, Harold"]
[Black "Thompson, Dexter"]
[Result "1-0"]
[WhiteElo "1760"]
[BlackElo "2255"]
[PlyCount "111"]
[EventDate "1991.??.??"]

{2/(20)} 1. Nf3 d5 2. g3 c6 3. Bg2 Nf6 4. O-O h6 5. d3 Bf5 6. Nbd2 e6 7. Re1
Nbd7 8. Nh4 Bh7 9. c4 Bc5 10. Qc2 O-O 11. Nhf3 Ng4 12. Rf1 Nxf2 13. Rxf2 Qb6
14. Nb3 Bxf2+ 15. Kh1 Be3 16. a4 a5 17. Qc3 Bxc1 18. Rxc1 Qe3 19. Ng1 Nf6 20.
Rf1 Ng4 21. Qe1 dxc4 22. Rf3 Qg5 23. dxc4 Be4 24. Rf4 Qh5 25. h3 Bxg2+ 26. Kxg2
Ne3+ 27. Kh2 Rad8 28. Qc3 Nf5 29. Nf3 g5 30. g4 Qg6 31. gxf5 exf5 32. Rd4 b6
33. c5 g4 34. hxg4 fxg4 35. Nh4 Qg5 36. Qg3 Rxd4 37. Nxd4 bxc5 38. Nxc6 f5 39.
Ne5 Re8 40. Qb3+ Kh7 41. Qf7+ Qg7 42. Qxe8 Qf6 43. Qf7+ Qxf7 44. Nxf7 Kg7 45.
Nd6 f4 46. Nc4 Kf6 47. Nxa5 Ke5 48. b3 h5 49. Nc4+ Kd5 50. a5 Kc6 51. Kg2 Kd5
52. Ng6 Ke4 53. a6 Kf5 54. Nge5 h4 55. Nxg4 Kxg4 56. a7 1-0

[Event "East Lansing (MOR/3)"]
[Site "?"]
[Date "1991.??.??"]
[Round "?"]
[White "Steen, Harold"]
[Black "Rumsey, S."]
[Result "1-0"]
[WhiteElo "1760"]
[BlackElo "1605"]
[PlyCount "122"]
[EventDate "1991.??.??"]

1. c4 c5 2. g3 g6 3. Bg2 Bg7 4. Nc3 Nc6 5. e4 d6 6. Nge2 Nd4 7. O-O Nxe2+ 8.
Nxe2 Nf6 9. d3 O-O 10. h3 h6 11. f4 Rb8 12. g4 Bxg4 13. hxg4 Nxg4 14. Ng3 Bd4+
15. Kh1 Nf2+ 16. Rxf2 Bxf2 17. Qf3 Bxg3 18. Qxg3 e6 19. f5 exf5 20. exf5 g5 21.
Bd2 b5 22. b3 bxc4 23. bxc4 Rb2 24. Bc3 Rc2 25. Be1 Re8 26. Be4 f6 27. Qh3 Kg7
28. Qh5 Rh8 29. Rb1 Rh7 30. Qg6+ Kh8 31. Ba5 Qf8 32. Be1 Rg7 33. Qh5 Rxa2 34.
Rc1 Qf7 35. Qh3 h5 36. Kg1 g4 37. Qg3 h4 38. Qxh4+ Rh7 39. Qg3 Qh5 40. Bf2 Qg5
41. Rf1 Ra6 42. Re1 Re7 43. Be3 Qh5 44. Bf4 Qh3 45. Bxd6 Qxg3+ 46. Bxg3 Rb6 47.
Kf2 a5 48. Bh4 Kg7 49. Ra1 Ra7 50. Ke3 a4 51. Be1 a3 52. Kd2 Rb2+ 53. Kc3 Re2
54. Bg3 Kh6 55. Bd6 a2 56. Bxc5 Rg7 57. Bf8 g3 58. Bxg7+ Kxg7 59. c5 g2 60. c6
Rf2 61. Bxg2 Rxg2 1-0

[Event "Detroit (HPO/4/21)"]
[Site "?"]
[Date "1991.??.??"]
[Round "?"]
[White "Steen, Harold"]
[Black "Parker, Bernard"]
[Result "1-0"]
[WhiteElo "1760"]
[BlackElo "877"]
[Annotator "Tim McGrew"]
[PlyCount "61"]
[EventDate "1991.??.??"]

{One of the joys of playing over a collection of Rubinstein's games is the
occasional shock of finding a basically positional player overwhelming his
opponent with tactics. This game of Harold Steen's is a Rubinstein. Both sides
build up slowly, and it looks like we should settle in for a slow siege. But
White suddenly shifts over to the kingside, opens lines, sacrifices a piece
and blitzes his opponent. Black must have felt about like Janowsky did when
Rubinstein blew apart his castle with a dazzling display of pyrotechnics at
Marienbad in 1925.} 1. Nf3 e6 2. g3 b6 3. Bg2 Bb7 4. O-O c5 5. d3 Nf6 6. e4 d6
7. Nbd2 Nbd7 8. Re1 {White's setup is a standard King's Indian Attack, and it
is not difficult to find thousands of games where the White pieces form this
array. Black's development is more fluid and more difficult to characterize. I
have some doubts that his pieces have ended up on the most useful squares,
however. Wouldn't the knight on d7 look more natural on c6, where it would
give Black more control of the d4 square?} Qc7 9. b3 Be7 10. Bb2 e5 {Black
want s to stifle White's bishop, and he pays a heavy price for it in the
rigidity of his pawn formation. The square d5 fairly screams for a White
knight, and after a bit of tacking Harold does in fact pass through that point.
The f5 square is also an attractive outpost if Black castles king-side. A
third idea is to slip the rook back to f1 and play for f4-5 with the sort of
king-side attack normally found in a King's Indian with colors reversed.} 11.
Nc4 b5 12. Ncd2 ({Where is this knight going? To d5, as it turns out. But in
that case,} 12. Ne3 {was probably better right away.}) 12... O-O 13. a4 a6 14.
c4 bxa4 15. Rxa4 Bc6 16. Ra1 a5 17. Nf1 Nb8 18. Ne3 g6 19. Nd5 Bxd5 20. exd5
Na6 21. Ng5 h6 22. Ne4 Rfb8 23. Nc3 Nb4 24. Nb5 Qd8 25. Rf1 $1 {This move
shows good judgment. The queen-side is stabilized: White cannot, with any
plausible rearrangement of his pieces, break through or make progress there.
Harold therefore turns his attention to the king-side and with a few sharp
blows he cracks open the long dark diagonal and the f-file with alarming
consequences.} Ne8 26. f4 $1 exf4 27. Rxf4 {What a transformation a few moves
can make! White's pieces have both scope and targets now. Even his central
pawns are happier, as the d4 break is possible if White cannot find anything
better to do. Never mind -- Harold does find something better!} Nc7 28. Qf1 $3
{This catches Black at a very bad time. His queen is the only piece within
defensive reach of the f7 square, but she is momentarily tied down to the
defense of the knight at c7.} f5 {Since this gets refuted, one's first impulse
is to give it a question mark. But actually there is nothing better.  DIAGRAM}
(28... f6 {weakens the king-side pawns too much, e.g.} 29. Nxc7 Qxc7 30. Bxf6
$18 {and Black falls apart.}) ({Black can try to defend things systematically
by} 28... Nxb5 {intending 29.cxb5 Qf8!, but surprisingly White is not obliged
to recapture the piece:} 29. Rxf7 $1 Nd4 30. Bxd4 cxd4 31. Re1 Bg5 32. Re6 $1
Be3+ 33. Kh1 {and Black is stuck for a good way to defend the ruins of his
castle, e.g.} Qg5 34. h4 $1 Qxg3 35. Rg7+ $1 Kh8 (35... Kxg7 36. Re7+ Kg8 37.
Qf7+ Kh8 38. Qg7#) 36. Rh7+ $1 Kxh7 37. Re7+ {and White mates in two.}) 29.
Rxf5 $3 {This is a superb sacrifice, the more beautiful for being unusual.
Once the queen enters the attack, Black goes under with frightening speed.}
gxf5 {As it turns out, Black cannot save himself by declining the rook.} (29...
Nxb5 30. cxb5 gxf5 31. Qxf5 $18) 30. Qxf5 Nxb5 31. Qg6+ {It's mate in three
more moves.} 1-0

[Event "East Lansing (MOR/1)"]
[Site "?"]
[Date "1991.??.??"]
[Round "?"]
[White "Steen, Harold"]
[Black "Hayes, P."]
[Result "1-0"]
[WhiteElo "1760"]
[BlackElo "1605"]
[PlyCount "105"]
[EventDate "1991.??.??"]

1. c4 Nf6 2. g3 e5 3. Bg2 c5 4. Nc3 d6 5. e4 Be7 6. Nge2 O-O 7. O-O Be6 8. d3
Nc6 9. f4 exf4 10. Nxf4 Bg4 11. Qd2 Nd4 12. h3 Bd7 13. Nfd5 Nxd5 14. Nxd5 Re8
15. g4 Bh4 16. b3 h6 17. Bb2 Bg5 18. Qf2 Be6 19. Bxd4 cxd4 20. Qxd4 Bxd5 21.
Qxd5 Bf6 22. Rad1 Qb6+ 23. Kh1 Re5 24. c5 dxc5 25. Qc4 Rd8 26. Rf3 Rd4 27. Qc2
Qb4 28. Rdf1 Re7 29. Qf2 Rd6 30. h4 Bd4 31. Qe2 Rg6 32. Rf5 Rf6 33. Qf3 Qb6 34.
g5 hxg5 35. hxg5 Rxf5 36. Qxf5 Qc7 37. g6 fxg6 38. Qf8+ Kh7 39. Rf3 Kh6 40.
Rh3+ Kg5 41. Qh8 Qf4 42. Rf3 Qh4+ 43. Qxh4+ Kxh4 44. Rf4+ Kg3 45. Rf3+ Kg4 46.
Kh2 Be5+ 47. Kg1 Bg3 48. Kf1 g5 49. Ke2 Bf4 50. Kd1 Be5 51. Kd2 Bd4 52. Rf5 g6
53. Rf3 1-0

[Event "East Lansing (MOR/6)"]
[Site "?"]
[Date "1991.??.??"]
[Round "?"]
[White "Stark, Jay"]
[Black "Wolak, K."]
[Result "1-0"]
[WhiteElo "1605"]
[BlackElo "1605"]
[PlyCount "41"]
[EventDate "1991.??.??"]

1. e4 e6 2. Nf3 d5 3. exd5 exd5 4. d4 Bg4 5. Be2 Nf6 6. Bg5 Be7 7. O-O O-O 8.
Nbd2 Nbd7 9. Bd3 Re8 10. Re1 h6 11. Bh4 Bxf3 12. Qxf3 Ne4 13. Bxe7 Rxe7 14.
Nxe4 dxe4 15. Bxe4 Qe8 16. Qf5 Nf6 17. f3 g6 18. Qxf6 Re6 19. Qh4 f5 20. Bd5
Kg7 21. Rxe6 1-0

[Event "East Lansing (MOR/4)"]
[Site "?"]
[Date "1991.??.??"]
[Round "?"]
[White "Stark, Jay"]
[Black "Stockman, David"]
[Result "1/2-1/2"]
[WhiteElo "1605"]
[BlackElo "1740"]
[PlyCount "43"]
[EventDate "1991.??.??"]

1. e4 e6 2. Nf3 d5 3. exd5 exd5 4. d4 Bd6 5. Bd3 Ne7 6. Bg5 Nbc6 7. c3 Bg4 8.
Nbd2 f6 9. Bh4 Nf5 10. Qe2+ Qe7 11. Bxf5 Qxe2+ 12. Kxe2 Bxf5 13. Rhe1 O-O 14.
Kf1 Bd3+ 15. Kg1 Bf4 16. Bg3 Bxg3 17. hxg3 Rfe8 18. Rxe8+ Rxe8 19. Re1 Re2 20.
Rxe2 Bxe2 21. Nh4 Ne7 22. f4 1/2-1/2

[Event "East Lansing (MOR/7)"]
[Site "?"]
[Date "1991.??.??"]
[Round "?"]
[White "Stark, Jay"]
[Black "Brown, F."]
[Result "0-1"]
[WhiteElo "1605"]
[BlackElo "1680"]
[PlyCount "74"]
[EventDate "1991.??.??"]

1. e4 c5 2. d3 d6 3. f4 Nc6 4. Nf3 Bg4 5. c3 Nf6 6. Be2 e5 7. O-O Be7 8. Na3
Nd7 9. Nc4 O-O 10. Ne3 Nf6 11. Nd5 Re8 12. Ne1 Bxe2 13. Qxe2 Nd7 14. Nc2 Rc8
15. Nce3 exf4 16. Nxe7+ Nxe7 17. Rxf4 Ng6 18. Rf3 Nde5 19. Rf1 Re6 20. Nd5 c4
21. dxc4 Rxc4 22. b3 Rc8 23. c4 Nf8 24. Bb2 Qh4 25. Rf4 Qd8 26. Raf1 f6 27. g4
Qe8 28. Bxe5 Rxe5 29. Rxf6 Ng6 30. Rxd6 Rxe4 31. Qf3 Qe5 32. Qf7+ Kh8 33. Qd7
Re8 34. Nc7 Rf8 35. Rxf8+ Nxf8 36. Qd8 Re1+ 37. Kg2 Re2+ 0-1